000 00293nam a22001337a 4500
008 181012b xxu||||| |||| 00| 0 eng d
020 _a0883440989
041 _aeng
080 _a316
100 _a50
101 _aSOC
245 _aProtestantism and Repression
_cAlves, R
942 _2udc
_cBK
999 _c49580
_d49580